000 00617nam a2200229Ia 4500
005 20250508165326.0
008 008 250505s9999 xx 000 0 eng d
020 _a978-0-415-72879-9
037 _aTextual
040 _aFEDL
_beng
_cFEDL
041 _aeng
_2eng
084 _a001.422, EMB
_qFEDL
100 _aEmber Carol R
245 0 _aCross- cultural research methods
250 _a2
260 _aNew Delhi, India
_bAltaMira Press
_c2009
300 _avii, 228p.
365 _aINR
_b675
700 _a Ember Melvin
_9780502
942 _cTEXL
_h001.422, EMB
999 _c1394470
_d1394470